书目信息 |
| 题名: |
东京梦华录注
|
|
| 作者: | 孟元老 撰 ;邓之诚 注 | |
| 分册: | ||
| 出版信息: | 北京 中华书局 1982.1 |
|
| 页数: | 265页 | |
| 开本: | 19cm | |
| 丛书名: | 中国古代都城资料选刊 | |
| 单 册: | ||
| 中图分类: | K296.13 | |
| 科图分类: | ||
| 主题词: | 中国--地方史 , 中国--地方志 | |
| 电子资源: | ||
| ISBN: | ||
| 000 | 00675nam0 2200241 45 | |
| 001 | 0211190936 | |
| 005 | 20060817082713.78 | |
| 010 | @dCNY1.05 | |
| 091 | @a11018.961 | |
| 100 | @a20021119d1982 km y0chiy0120 ea | |
| 101 | 0 | @achi |
| 200 | 1 | @a东京梦华录注@ADong Jing Meng Hua Lu Zhu@f(宋)孟元老撰@F(Song)Meng Yuan Lao Zhuan@g邓之诚注 |
| 210 | @a北京@c中华书局@d1982.1 | |
| 215 | @a265页@d19cm | |
| 225 | @a中国古代都城资料选刊 | |
| 410 | @12001 @a中国古代都城资料选刊 | |
| 606 | 0 | @a中国@x地方史 |
| 606 | 0 | @a中国@x地方志 |
| 690 | @aK296.13@v3 | |
| 701 | 0 | @a孟元老@4撰 |
| 702 | 0 | @a邓之诚@ADeng Zhi Cheng@4注 |
| 801 | @aCN@bTSTC@c20060817 | |
| 905 | @dK296.13@e70 | |
| 东京梦华录注/(宋)孟元老撰/邓之诚注.-北京:中华书局,1982.1 |
| 265页;19cm.-(中国古代都城资料选刊) |
| ISBN :CNY1.05 |
| ● |
| 相关链接 |
|
|
|
|
正题名:东京梦华录注
索取号:K296.13/70
 
预约/预借
| 序号 | 登录号 | 条形码 | 馆藏地/架位号 | 状态 | 备注 |
| 1 | 0172489 | 001625183 | 密集书库/ [索取号:K296.13/70] | 在馆 | |
| 2 | 0172490 | 001625227 | 密集书库/ [索取号:K296.13/70] | 在馆 | |
| 3 | 0172491 | 001581149 | 第二借阅区/ [索取号:K296.13/70] | 在馆 | |
| 4 | 0172492 | 001581130 | 第二借阅区/ [索取号:K296.13/70] | 在馆 | |
| 5 | 0172493 | 202282154 | 密集书库/ [索取号:K296.13/70] | 在馆 | |
| 6 | 0465988 | 204659887 | 密集书库/ [索取号:K296.13/70] | 在馆 | |
| 7 | 0465989 | 204659896 | 密集书库/ [索取号:K296.13/70] | 在馆 |